Tivoli Business Systems Manager V2.1 End-to-end Business Impact Management /

This IBM Redbooks publication gives a broad understanding of the IBM Tivoli Business Systems Manager architecture and internals. The in-depth discussion covers the product's inner workings and includes log files to illustrate the processing of its various components. IBM Tivoli Business Systems...

Full description

Bibliographic Details
Main Authors: Darmawan, Budi (Author), D'Amico, Alessio (Author), Foo, Cedric (Author), Glasmacher, Peter (Author), Nosbisch, Stephen (Author), Yiu, Samson (Author)
Corporate Author: Safari, an O'Reilly Media Company
Format: eBook
Language:English
Published: IBM Redbooks, 2003.
Subjects:
Online Access:Connect to this electronic resource

MARC

Tag First Indicator Second Indicator Subfields
LEADER 00000uam a2200000 a 4500
001 in00004231663
005 20260128225149.7
006 m o d
007 cr cn
008 160813s2003 xx o eng
020 |z 0738427055 
020 |z 9780738427058 
035 |a (CaSebORM)0738427055 
040 |d UtOrBLW 
041 0 |a eng 
100 1 |a Darmawan, Budi,  |e author.  |0 http://id.loc.gov/authorities/names/n2002010008 
245 1 0 |a Tivoli Business Systems Manager V2.1 End-to-end Business Impact Management /  |c Darmawan, Budi. 
264 1 |b IBM Redbooks,  |c 2003. 
300 |a 1 online resource (600 pages) 
336 |a text  |b txt  |2 rdacontent 
337 |a computer  |b c  |2 rdamedia 
338 |a online resource  |b cr  |2 rdacarrier 
347 |a text file 
520 |a This IBM Redbooks publication gives a broad understanding of the IBM Tivoli Business Systems Manager architecture and internals. The in-depth discussion covers the product's inner workings and includes log files to illustrate the processing of its various components. IBM Tivoli Business Systems Manager is designed to display all aspects of the enterprise's IT system as they affect the users' business systems. This book enables easy implementation of IBM Tivoli Business Systems Manager in distributed environments. Procedures are illustrated with examples of the installation and configuration process to explain the deployment of IBM Tivoli Business Systems Manager into a customer's environment. This book also covers the implementation of IBM Tivoli Business Systems Manager in z/OS with most of its major interfaces. IBM Tivoli Business Systems Manager can monitor all major IBM subsystems in z/OS, including IMS, DB2, CICS, storage, and Web solutions. A book about concepts and implementation would not be complete without a comprehensive discussion about using, maintaining, and troubleshooting the system. We devote several sections to these topics. Please note that the additional material referenced in the text is not available from IBM. 
533 |a Electronic reproduction.  |b Boston, MA :  |c Safari,  |n Available via World Wide Web.  |d 2003. 
538 |a Mode of access: World Wide Web. 
542 |g 2003 
588 |a Online resource; Title from title page (viewed May 5, 2003) 
500 |a Electronic resource. 
655 7 |a Electronic books.  |2 local 
700 1 |a D'Amico, Alessio,  |e author. 
700 1 |a Foo, Cedric,  |e author. 
700 1 |a Glasmacher, Peter,  |e author. 
700 1 |a Nosbisch, Stephen,  |e author. 
700 1 |a Yiu, Samson,  |e author. 
710 2 |a Safari, an O'Reilly Media Company. 
856 4 0 |u https://proxy.library.tamu.edu/login?url=https://go.oreilly.com/TAMU/library/view/-/0738427055/?ar  |z Connect to this electronic resource  |t 0 
999 f f |s 1abedcea-4aba-3426-8c13-71570c7bf574  |i e76e9587-94af-3354-ab48-cfde3a4a3240  |t 0 
952 f f |a Texas A&M University  |b College Station  |c Electronic Resources  |s www_evans  |d Available Online  |t 0  |h No information provided 
998 f f |t 0  |l Available Online